000 00779nam a2200241Ia 4500
001 dia_2280
003 CHAP
005 20230329134633.0
008 220117s1994 xx 000 0 und d
010 _a172800
040 _cCHAP
082 _a641.453 M3
100 _aMadrid Vicente, Antonio
_969710
245 _aRefrigeración, Congelación y Envasado de los Alimentos /
_c por Antonio Madrid Vicente y otros
260 _aMadrid, España :
_b Mundi-prensa,
_c1994
300 _a277 p.
500 _aI.177674
600 _a1.Alimentos congelados/ 2.Alimentos-preservación-frigoríficos/ 3.Alimentos conservación. i.t.
_9152513
901 _a641.453 M3
902 _aM
905 _a0000001994 MADX 0000000000ESP00
942 _cLIBRO
_2ddc
999 _c172800
_d172800